| 000 | 00458nam a22001337a 4500 | ||
|---|---|---|---|
| 005 | 20241112150731.0 | ||
| 008 | 241112b |||||||| |||| 00| 0 eng d | ||
| 020 | _a9781405728102 | ||
| 245 |
_aThe All England Law Reports 2008 Vol. 1 _c Editor, Widdicombe, Solicitor. Managing Editor; Ian Law LLB, LLM, Dip LP |
||
| 260 |
_aLondon, United Kingdom _bLexisNexis _c2008 |
||
| 300 |
_axxi, 1226 pages _c23.5 cm |
||
| 650 |
_2Law Reports _xEngland |
||
| 942 |
_2lcc _cBK _n0 |
||
| 999 |
_c1076 _d1076 |
||